Szczegóły MARC21

Pomorze przywrócone : wkład Wojska Polskiego w przejęcie i zagospodarowanie Pomorza Zachodniego w latach 1945-1947 /

003 -Nazwa inst., której nr kontr. jest w polu 001 [,]
    • @
    • Nazwa instytucji, której n kontrolny jest w polu 001
    • NUKAT
005 -DATA I CZAS OSTATNIEJ MODYFIKACJI [,]
    • @
    • pole kontrolne
    • 20241231091651.0
040 -Instytucja sporządzająca opis [ , ]
    • a
    • Instytucja, która sporządziła opis (NP)
    • Ł U/ew
    • c
    • Instytucja, która sporządziła rekord (NP)
    • Ł U/ew
    • d
    • Instytucja, która zmodyfikowała rekord (P)
    • Ł U/ew
942 -Rodzaj dokumentu [ , ]
    • c
    • Rodzaj dokumentu
    • Książka
100 -Hasło główne - nazwa osobowa [1, ]
    • a
    • Nazwa osobowa (NP)
    • Ogrodowczyk, Arkadiusz.
    • 9
    • KHW
    • 536528
245 -Strefa tytułu i oznaczenia odpowiedzialności [1,0]
    • a
    • Tytuł
    • Pomorze przywrócone : Find
    • b
    • Ciąg dalszy tytułu (NP)
    • wkład Wojska Polskiego w przejęcie i zagospodarowanie Pomorza Zachodniego w latach 1945-1947 / Find
    • c
    • Pozostałe elementy strefy tytułu i oznaczenia odpowiedzialności (NP)
    • Arkadiusz Ogrodowczyk.
246 -Wariant tytułu [3,0]
    • a
    • Tytuł (NP)
    • Wkład Wojska Polskiego w przejęcie i zagospodarowanie Pomorza Zachodniego w latach 1945-1947
260 -Strefa adresu wydawniczego [ , ]
    • a
    • Miejsce wydania (P)
    • Warszawa :
    • b
    • Nazwa wydawcy (P)
    • Wydawnictwo Ministerstwa Obrony Narodowej,
    • c
    • Data wydania (P)
    • 1974.
300 -Strefa opisu fizycznego [ , ]
    • a
    • Określenie formy książki i/lub objętość (NP)
    • 330, [2] s. :
    • b
    • Oznaczenie ilustracji (NP)
    • il. ;
    • c
    • Format (NP)
    • 25 cm.
336 -Typ zawartości [ , ]
    • a
    • Termin opisujący typ zawartości
    • Tekst
    • b
    • Kod określający zawartość
    • txt
    • 2
    • Źródło (terminu i kodu)
    • rdacontent
337 -Typ mediów [ , ]
    • a
    • Tryb odtwarzania
    • Bez urządzenia pośredniczącego
    • b
    • Kod typu mediów
    • n
    • 2
    • Źródło (terminu i kodu)
    • rdamedia
338 -Typ/rodzaj nośnika [ , ]
    • a
    • Hasło opisujące typ nośnika
    • Wolumin
    • b
    • Kod typu nośnika
    • nc
    • 2
    • Źródło (terminu i kodu)
    • rdacarrier
504 -Uwaga dot. bibliogr. załącznikowej [ , ]
    • a
    • Uwaga dot. bibliografii załącznikowej
    • Bibliogr. s. 319-[329].
080 -Uniwersalna Klasyfikacja Dziesiętna [ , ]
    • a
    • Symbol klasyfikacji
    • 355(438.17'25)(091)"1945/1947"
080 -Uniwersalna Klasyfikacja Dziesiętna [ , ]
    • a
    • Symbol klasyfikacji
    • :338(438.17'25)(091)"1945/1947"
980 -Symbol UKD [ , ]
    • a
    • UKD
    • 355:338](438.17'25)(091)"1945/1947"
Data inwentaryzacji Lokalizacja Sygnatura Numer inwentarzowy Status udost.
1995-12-05BGZ.12875Z.866421
1995-12-05BG W.31027-6
1995-12-05BG W.31028-3
1995-12-05BG W.31029-3
1995-12-05BGZ.12875Z.128752